Hải Triều toàn tập
Gorde:
| Egile nagusia: | |
|---|---|
| Formatua: | Liburua |
| Etiketak: |
Etiketa erantsi
Etiketarik gabe, Izan zaitez lehena erregistro honi etiketa jartzen!
|
| Thư viện lưu trữ: | Mạng thư viện Đại học Đà Nẵng |
|---|
| LEADER | 00630nam a2200217 4500 | ||
|---|---|---|---|
| 001 | 000005573 | ||
| 003 | 1718 | ||
| 005 | 20150812140849.0 | ||
| 008 | 110817s sd | ||
| 100 | 0 | |a Hải Triều | |
| 245 | 0 | 0 | |a Hải Triều toàn tập |c Hải Triều |
| 774 | |a Hải Triều |d Văn học |d H. |d 1996 |g Tập 2 |h 440 tr |w 1720 | ||
| 774 | |a Hải Triều |d Văn học |d H. |d 1996 |g Tập 1 |h 431 tr. |w 1722 | ||
| OWN | |a LSP | ||
| 999 | |a From the UDN01 | ||
| TYP | |a Monograph | ||
| TYP | |a Printed language | ||
| 980 | |a Mạng thư viện Đại học Đà Nẵng | ||